[Event "Philadelphia int op 13th"]
[Site "Philadelphia"]
[Date "2019.06.30"]
[Round "6"]
[White "Wang, Tianqi"]
[Black "Shen, Victor C"]
[Result "1-0"]
[WhiteElo "2333"]
[BlackElo "2418"]
[PlyCount "73"]
[EventDate "2019.06.27"]
[EventType "swiss"]
[EventRounds "9"]
[EventCountry "USA"]
[SourceTitle "EXT 2020"]
[Source "ChessBase"]
[SourceDate "2019.10.17"]
[SourceVersion "1"]
[SourceVersionDate "2019.10.17"]
[SourceQuality "1"]

1. d4 d5 2. c4 c6 3. g3 Nf6 4. Bg2 Bf5 5. Nf3 e6 6. Nc3 Be7 7. Nh4 Bg4 8. h3 Bh5 9. Qb3 Qb6 10. g4 Bg6 11. Nxg6 hxg6 12. e4 Bb4 13. exd5 cxd5 14. cxd5 Nxd5 15. 0-0 Bxc3 16. bxc3 Nc6 17. c4 Qxb3 18. axb3 Nc3 19. d5 exd5 20. cxd5 Nb4 21. Bb2 Nbxd5 22. Ra5 Ne2+ 23. Kh2 Ndf4 24. Bxg7 Rh7 25. Re5+ Ne6 26. Bf6 N2f4 27. Rd1 Nxg2 28. Kxg2 g5 29. Bxg5 Rc8 30. Kg3 Kf8 31. Be3 Rc3 32. Rd7 Rc7 33. Rxc7 Nxc7 34. Bc5+ Kg8 35. Re7 Ne6 36. Bxa7 b5 37. Be3 1-0

[Event "New York Marshall Spring GM"]
[Site "New York"]
[Date "2019.03.03"]
[Round "8"]
[White "Shen, Victor C"]
[Black "Brodsky, David"]
[Result "0-1"]
[WhiteElo "2406"]
[BlackElo "2402"]
[PlyCount "182"]
[EventDate "2019.02.28"]
[EventType "tourn"]
[EventRounds "9"]
[EventCountry "USA"]
[EventCategory "8"]
[SourceTitle "CBM 189 Extra"]
[Source "ChessBase"]
[SourceDate "2019.06.03"]
[SourceVersion "1"]
[SourceVersionDate "2019.06.03"]
[SourceQuality "1"]

1. d4 Nf6 2. c4 e6 3. Nc3 Bb4 4. e3 0-0 5. Bd3 d5 6. cxd5 exd5 7. Nge2 Re8 8. 0-0 Bd6 9. Bd2 a6 10. Rc1 Nbd7 11. Ng3 b6 12. Nf5 Bf8 13. g4 c5 14. f3 g6 15. Ng3 Bh6 16. f4 cxd4 17. exd4 Bg7 18. Qf3 Bb7 19. f5 Ne4 20. Be3 Ng5 21. Bxg5 Bxd4+ 22. Kg2 Qxg5 23. fxg6 fxg6 24. Qf7+ Kh8 25. Qxd7 Re7 26. Qd6 Be5 27. Qxb6 Qd2+ 28. Be2 d4+ 29. Kh3 dxc3 30. Rcd1 Qxb2 31. Rd8+ Re8 32. Rxe8+ Rxe8 33. Qc5 Bg7 34. Rf7 c2 35. Rc7 Qc1 36. g5 Qf4 37. Qxc2 Bd5 38. Qc1 Be6+ 39. Kg2 Bd5+ 40. Kh3 Be6+ 41. Kg2 Qh4 42. Qc6 Qh3+ 43. Kh1 Rd8 44. Bf3 Bd7 45. Qd6 Re8 46. Qd2 Be6 47. Bc6 Rf8 48. Bg2 Qg4 49. Re7 Qc4 50. a3 Rb8 51. Rb7 Rc8 52. Rb1 Qc5 53. a4 Qe7 54. Qe3 Re8 55. Rb6 Qd7 56. Qf4 Bd5 57. Rb8 Rxb8 58. Qxb8+ Bg8 59. Qf4 a5 60. h4 Qd8 61. Bc6 Qe7 62. Kg2 Be5 63. Qf3 Qd6 64. Ne2 Qb4 65. Qe4 Qd6 66. Bb7 Be6 67. Qc6 Bd7 68. Qxd6 Bxd6 69. Nc3 Bb4 70. Nb5 Be1 71. h5 gxh5 72. Be4 Kg7 73. Bc2 Bd2 74. Nd6 Bxg5 75. Nc4 Bd8 76. Ne5 Be6 77. Be4 h4 78. Nc6 h3+ 79. Kh1 Bc7 80. Nd4 Bc8 81. Nb3 Kf6 82. Nxa5 Bxa5 83. Bc6 Kg5 84. Kh2 Kh4 85. Bd5 Bc7+ 86. Kh1 Kg3 87. Bc6 Ba6 88. Bd5 Bf1 89. a5 Bg2+ 90. Bxg2 hxg2+ 91. Kg1 Bd6 0-1

[Event "New York Marshall Spring GM"]
[Site "New York"]
[Date "2019.02.28"]
[Round "1"]
[White "Rozman, Levy"]
[Black "Shen, Victor C"]
[Result "1/2-1/2"]
[WhiteElo "2387"]
[BlackElo "2406"]
[PlyCount "154"]
[EventDate "2019.02.28"]
[EventType "tourn"]
[EventRounds "9"]
[EventCountry "USA"]
[EventCategory "8"]
[SourceTitle "CBM 189 Extra"]
[Source "ChessBase"]
[SourceDate "2019.06.03"]
[SourceVersion "1"]
[SourceVersionDate "2019.06.03"]
[SourceQuality "1"]

1. d4 Nf6 2. c4 e6 3. Nf3 d5 4. Nc3 c6 5. g3 Nbd7 6. Qd3 b6 7. cxd5 cxd5 8. Bf4 a6 9. Bg2 Bb7 10. 0-0 Be7 11. Rac1 Nh5 12. Bc7 Qxc7 13. Nxd5 Qb8 14. Nc7+ Kf8 15. Nxa8 Qxa8 16. Rc7 Ndf6 17. a3 Bd6 18. Rcc1 g6 19. Nh4 Kg7 20. Bxb7 Qxb7 21. Qf3 Ne4 22. Ng2 Nhf6 23. Ne3 b5 24. Rc2 Rd8 25. Rd1 Bb8 26. Nf1 e5 27. e3 exd4 28. Rxd4 Rxd4 29. exd4 Qd5 30. Ne3 Qxd4 31. Qd1 Ba7 32. Qxd4 Bxd4 33. b4 Nc3 34. Kf1 Nfe4 35. f3 Nd6 36. Rd2 Bxe3 37. Rxd6 Bc1 38. Rxa6 Nb1 39. a4 Nc3 40. Rc6 Bd2 41. a5 Nd5 42. Rd6 Bxb4 43. Rxd5 Bxa5 44. Rxb5 Bc3 45. Ke2 Bd4 46. h4 h5 47. Rd5 Bb6 48. g4 hxg4 49. fxg4 Bc7 50. Kf3 Bb6 51. g5 Kf8 52. Kg4 Kg7 53. Rd7 Be3 54. Rd3 Bc1 55. Kf3 Bb2 56. Ke4 Bc1 57. Kd5 Kf8 58. Kd6 Ke8 59. Rf3 Bd2 60. Ke5 Ke7 61. Rb3 Be1 62. Ra3 Bb4 63. Ra7+ Kf8 64. Ra4 Bc3+ 65. Kd6 Be1 66. Re4 Bf2 67. Rg4 Be1 68. Kd7 Bd2 69. Re4 Bc3 70. Re8+ Kg7 71. Re3 Bd4 72. Rf3 f6 73. Ke6 fxg5 74. hxg5 Bb2 75. Rb3 Bc1 76. Rb7+ Kg8 77. Rf7 Bb2 1/2-1/2

[Event "Arlington DC op 3rd"]
[Site "Arlington"]
[Date "2015.06.26"]
[Round "3"]
[White "Studen, Damir"]
[Black "Shen, Victor C"]
[Result "0-1"]
[WhiteElo "2259"]
[BlackElo "2412"]
[PlyCount "48"]
[EventDate "2015.06.25"]
[EventType "swiss"]
[EventRounds "9"]
[EventCountry "USA"]
[SourceTitle "CBM 167 Extra"]
[Source "ChessBase"]
[SourceDate "2015.09.14"]
[SourceVersion "1"]
[SourceVersionDate "2015.09.14"]
[SourceQuality "1"]

1. d4 Nf6 2. c4 c6 3. Nc3 d5 4. cxd5 cxd5 5. Nf3 Nc6 6. Bf4 Nh5 7. Be5 f6 8. Bg3 e5 9. e3 Nxg3 10. hxg3 Be6 11. dxe5 fxe5 12. Bb5 Qd6 13. Rh5 g6 14. Rxe5 Bg7 15. Rxe6+ Qxe6 16. Nxd5 0-0-0 17. Bc4 Kb8 18. Qd2 Qe4 19. Bb3 Rd7 20. Ng5 Qxg2 21. 0-0-0 Rc8 22. Kb1 h6 23. Nh7 Bh8 24. Bc2 Rcd8 0-1

[Event "Chicago op 24th"]
[Site "Chicago"]
[Date "2015.05.22"]
[Round "2"]
[White "Stukopin, Andrey"]
[Black "Shen, Victor C"]
[Result "1/2-1/2"]
[WhiteElo "2573"]
[BlackElo "2394"]
[PlyCount "109"]
[EventDate "2015.05.21"]
[EventType "swiss"]
[EventRounds "9"]
[EventCountry "USA"]
[SourceTitle "CBM 166 Extra"]
[Source "ChessBase"]
[SourceDate "2015.06.18"]
[SourceVersion "1"]
[SourceVersionDate "2015.06.18"]
[SourceQuality "1"]

1. e4 e5 2. Bc4 Nf6 3. d3 c6 4. Nf3 d5 5. Bb3 Bb4+ 6. Bd2 Bxd2+ 7. Qxd2 0-0 8. 0-0 Qd6 9. Re1 Bg4 10. Qe2 Nbd7 11. Nbd2 Rfe8 12. c3 Nh5 13. h3 Nf4 14. Qf1 Bh5 15. g3 Bxf3 16. Nxf3 Ne6 17. d4 dxe4 18. Rxe4 exd4 19. Bxe6 Rxe6 20. Rxd4 Qe7 21. Rad1 Nb6 22. Nh4 g6 23. Ng2 Re8 24. Ne3 h5 25. Qg2 Re5 26. Qf3 Qe6 27. g4 Kg7 28. b3 hxg4 29. hxg4 Qe7 30. Qg3 Re4 31. Rxe4 Qxe4 32. c4 Qe7 33. Kf1 Kg8 34. Qf4 Nd7 35. Qd4 Nc5 36. Re1 a6 37. Rd1 Qg5 38. Ke2 Ne6 39. Qd7 Rb8 40. Rd2 Kg7 41. Kd1 Qe5 42. Qe7 Qa1+ 43. Ke2 Nd4+ 44. Kd3 Nf3 45. Rd1 Qxa2 46. Ke4 Qxf2 47. g5 Kg8 48. Rd7 Nd2+ 49. Kd3 Nxb3 50. Kc3 Nc1 51. Ng4 Na2+ 52. Kb3 Nc1+ 53. Kc3 Na2+ 54. Kb3 Nc1+ 55. Kc3 1/2-1/2

[Event "Copenhagen Challenge"]
[Site "Ballerup"]
[Date "2015.04.30"]
[Round "3"]
[White "Danielsen, Henrik"]
[Black "Shen, Victor C"]
[Result "1/2-1/2"]
[WhiteElo "2514"]
[BlackElo "2401"]
[PlyCount "110"]
[EventDate "2015.04.29"]
[EventType "swiss"]
[EventRounds "9"]
[EventCountry "DEN"]
[SourceTitle "CBM 166 Extra"]
[Source "ChessBase"]
[SourceDate "2015.06.18"]
[SourceVersion "1"]
[SourceVersionDate "2015.06.18"]
[SourceQuality "1"]

1. e4 e5 2. Nf3 Nc6 3. Be2 Nf6 4. d3 d5 5. Nbd2 Be7 6. a3 a5 7. b3 0-0 8. Bb2 d4 9. 0-0 Re8 10. Kh1 Bf8 11. Ng1 g6 12. g3 Nd7 13. f4 exf4 14. gxf4 Bh6 15. Qe1 Nc5 16. Qg3 f5 17. Bf3 Rf8 18. Ne2 fxe4 19. Nxe4 Ne6 20. Bg4 Ng7 21. Bxc8 Rxc8 22. Qh3 Nf5 23. Rg1 Qd5 24. Rg2 Bg7 25. Ng5 Bh6 26. Ne4 Bg7 27. Ng5 h6 28. Ne4 Nce7 29. Rag1 Ne3 30. Rxg6 Nxg6 31. Rxg6 Nf5 32. Qg2 Kh8 33. Rxg7 Nxg7 34. Bxd4 Qf7 35. N2g3 c5 36. Be5 Rc6 37. f5 Kh7 38. Qh3 Qd5 39. Bxg7 Kxg7 40. a4 Kh8 41. Qf1 Qe5 42. Qf2 b6 43. Qf3 Rc7 44. Qh5 Qf4 45. Kg2 Rg7 46. Kh3 Rgf7 47. f6 Rxf6 48. Nxf6 Qxf6 49. Qe2 Rd8 50. Qe4 Rf8 51. Qe2 Rg8 52. Qe4 Rd8 53. Kg2 Rg8 54. Kh3 Rf8 55. Qe2 Rd8 1/2-1/2

[Event "Reykjavik op"]
[Site "Reykjavik"]
[Date "2015.03.17"]
[Round "9"]
[White "Shen, Victor C"]
[Black "Barthel, Ansgar"]
[Result "1-0"]
[WhiteElo "2401"]
[BlackElo "2230"]
[PlyCount "65"]
[EventDate "2015.03.10"]
[EventType "swiss"]
[EventRounds "10"]
[EventCountry "ISL"]
[SourceTitle "CBM 165 Extra"]
[Source "ChessBase"]
[SourceDate "2015.04.21"]
[SourceVersion "1"]
[SourceVersionDate "2015.04.21"]
[SourceQuality "1"]

1. e4 Nf6 2. e5 Nd5 3. d4 d6 4. c4 Nb6 5. exd6 cxd6 6. Nc3 g6 7. Be3 Bg7 8. Rc1 0-0 9. b3 Bf5 10. Qd2 d5 11. c5 Nc8 12. Bh6 Nc6 13. Bxg7 Kxg7 14. Bb5 Qd7 15. Nge2 a6 16. Bxc6 Qxc6 17. 0-0 Na7 18. Ng3 Qd7 19. Na4 Rad8 20. Rce1 Nc8 21. Re5 Bg4 22. Rfe1 Qc6 23. f3 Bd7 24. Nc3 Be8 25. Na4 Qf6 26. Nb2 e6 27. Nd3 Kh8 28. Qh6 Qg7 29. Qh4 Bd7 30. Nh5 gxh5 31. Rg5 Qh6 32. Rxh5 Qg6 33. Ne5 1-0

[Event "Reykjavik op"]
[Site "Reykjavik"]
[Date "2015.03.11"]
[Round "3"]
[White "Gao, Rui"]
[Black "Shen, Victor C"]
[Result "1-0"]
[WhiteElo "2533"]
[BlackElo "2401"]
[PlyCount "127"]
[EventDate "2015.03.10"]
[EventType "swiss"]
[EventRounds "10"]
[EventCountry "ISL"]
[SourceTitle "CBM 165 Extra"]
[Source "ChessBase"]
[SourceDate "2015.04.21"]
[SourceVersion "1"]
[SourceVersionDate "2015.04.21"]
[SourceQuality "1"]

1. e4 e5 2. Nf3 Nc6 3. Bb5 a6 4. Ba4 Nf6 5. 0-0 Be7 6. Re1 b5 7. Bb3 d6 8. c3 0-0 9. h3 Na5 10. Bc2 c5 11. d4 Qc7 12. Nbd2 cxd4 13. cxd4 Nc6 14. Nb3 a5 15. Be3 a4 16. Nbd2 Bd7 17. Rc1 Rac8 18. Nf1 Qb8 19. Ng3 Nb4 20. Bb1 Rxc1 21. Qxc1 g6 22. Qd2 Nc6 23. d5 Na7 24. Bd3 Qb7 25. Qb4 Nc8 26. b3 axb3 27. axb3 Ne8 28. Bh6 Ng7 29. Rc1 Bd8 30. Nh2 Qa6 31. Qd2 Ne7 32. Ng4 f6 33. Rf1 Qc8 34. Qb4 Qa6 35. Qd2 Qc8 36. Qe2 Qb8 37. Kh2 f5 38. exf5 Nexf5 39. Ne4 Nxh6 40. Nxh6+ Kh8 41. Qd2 Nh5 42. g3 Qb6 43. Be2 Be7 44. Bg4 Be8 45. Kg2 Nf6 46. Nxf6 Bxf6 47. Be6 b4 48. Ng4 Bg7 49. Rc1 Qd4 50. Qe2 Qb6 51. Rc8 Qb5 52. Qe4 h5 53. Nh2 Kh7 54. Nf3 Bf6 55. Rc7+ Kh8 56. Qe3 Bg7 57. Nd2 Qa5 58. Ra7 Qd8 59. Ne4 Bb5 60. Rb7 Ba6 61. Rd7 Qa5 62. Nxd6 Qa1 63. Nf7+ Kh7 64. Qh6+ 1-0

[Event "Bay Area op"]
[Site "Santa Clara"]
[Date "2014.01.05"]
[Round "6"]
[White "Shen, Victor C"]
[Black "Xiong, Jeffery"]
[Result "0-1"]
[WhiteElo "2424"]
[BlackElo "2331"]
[PlyCount "92"]
[EventDate "2014.01.02"]
[EventType "swiss"]
[EventRounds "9"]
[EventCountry "USA"]
[SourceTitle "CBM 158 Extra"]
[Source "ChessBase"]
[SourceDate "2014.02.28"]
[SourceVersion "1"]
[SourceVersionDate "2014.02.28"]
[SourceQuality "1"]

1. d4 Nf6 2. c4 e6 3. Nc3 Bb4 4. g3 d5 5. Bg2 0-0 6. Nf3 dxc4 7. 0-0 Nc6 8. a3 Be7 9. e4 Na5 10. Be3 c6 11. Qe2 b5 12. Rad1 Bb7 13. Ne5 a6 14. g4 Nd7 15. Nxd7 Qxd7 16. f4 Nb3 17. Kh1 Qc7 18. e5 Rad8 19. Qf3 f5 20. gxf5 Rxf5 21. Qg3 Bf8 22. Be4 Qf7 23. Qg2 Qe8 24. Ne2 Kh8 25. Ng3 Rf7 26. Kg1 g6 27. Bf3 Rfd7 28. Ne2 Rc7 29. Bf2 Qf7 30. Bh4 Rdd7 31. Bf2 c5 32. Bxb7 Rxb7 33. dxc5 Nxc5 34. Qc6 Nd3 35. Qxa6 Qf5 36. Qc6 Qg4+ 37. Ng3 Rbc7 38. Qxb5 Nxf4 39. Qb8 Nh3+ 40. Kg2 Nf4+ 41. Kg1 Rf7 42. Qa8 Nh3+ 43. Kg2 Nxf2 44. Rd8 Qh3+ 45. Kg1 Kg7 46. Rxf2 Rxf2 0-1

[Event "Bay Area op"]
[Site "Santa Clara"]
[Date "2014.01.04"]
[Round "4"]
[White "Shen, Victor C"]
[Black "Gurevich, Daniel"]
[Result "1-0"]
[WhiteElo "2424"]
[BlackElo "2272"]
[PlyCount "97"]
[EventDate "2014.01.02"]
[EventType "swiss"]
[EventRounds "9"]
[EventCountry "USA"]
[SourceTitle "CBM 158 Extra"]
[Source "ChessBase"]
[SourceDate "2014.02.28"]
[SourceVersion "1"]
[SourceVersionDate "2014.02.28"]
[SourceQuality "1"]

1. d4 Nf6 2. c4 g6 3. Nc3 Bg7 4. e4 d6 5. f3 0-0 6. Bg5 Nbd7 7. Nh3 c5 8. d5 a6 9. a4 Qa5 10. Ra3 Ne5 11. Nf2 h6 12. Be3 Bd7 13. Bd2 Qc7 14. Be2 b5 15. cxb5 axb5 16. Nxb5 Bxb5 17. Bxb5 e6 18. f4 Ned7 19. dxe6 fxe6 20. 0-0 d5 21. e5 Nxe5 22. fxe5 Qxe5 23. Qc2 c4 24. Qxg6 Qxb2 25. Bxh6 Ra7 26. Rf3 Raf7 27. Nh3 Qd4+ 28. Kh1 Qe4 29. Qxe4 Nxe4 30. Rxf7 Rxf7 31. Rxf7 Kxf7 32. Bxg7 Kxg7 33. Kg1 Nd6 34. Kf2 e5 35. Ke2 d4 36. Nf2 e4 37. Bc6 e3 38. Nd1 c3 39. Nxc3 dxc3 40. Kxe3 Nc4+ 41. Kd3 Ne5+ 42. Kxc3 Nxc6 43. Kc4 Kf6 44. Kb5 Ne7 45. a5 Ke6 46. a6 Kd6 47. a7 Nd5 48. Ka6 Nc7+ 49. Kb7 1-0

[Event "Bay Area op"]
[Site "Santa Clara"]
[Date "2014.01.03"]
[Round "3"]
[White "Wheeler, Cameron"]
[Black "Shen, Victor C"]
[Result "1/2-1/2"]
[WhiteElo "2192"]
[BlackElo "2424"]
[PlyCount "91"]
[EventDate "2014.01.02"]
[EventType "swiss"]
[EventRounds "9"]
[EventCountry "USA"]
[SourceTitle "CBM 158 Extra"]
[Source "ChessBase"]
[SourceDate "2014.02.28"]
[SourceVersion "1"]
[SourceVersionDate "2014.02.28"]
[SourceQuality "1"]

1. c4 Nf6 2. g3 e6 3. Bg2 d5 4. Nf3 Be7 5. 0-0 0-0 6. d4 c6 7. Qc2 b6 8. Nbd2 Ba6 9. b3 Nbd7 10. Bb2 Rc8 11. e4 c5 12. e5 Ne8 13. Rfe1 Nc7 14. Rad1 b5 15. dxc5 Bxc5 16. Nd4 Bb7 17. Qb1 bxc4 18. Nxc4 Ba8 19. Nd2 Bxd4 20. Bxd4 Nb5 21. Nf3 h6 22. Qd3 Qa5 23. a4 Nxd4 24. Nxd4 Rb8 25. Rc1 Rfc8 26. Qe3 a6 27. f4 Qb6 28. Bh3 Re8 29. Rc3 Nc5 30. Rec1 Ne4 31. Rc7 Bb7 32. Bg2 Rbc8 33. Rxc8 Rxc8 34. Rxc8+ Bxc8 35. Bxe4 dxe4 36. Qxe4 Bb7 37. Qe3 Qc5 38. Kf2 Bd5 39. h4 Qa3 40. Qe2 a5 41. Qc2 Qa1 42. Ke3 Qg1+ 43. Qf2 Qc1+ 44. Kd3 Qb1+ 45. Qc2 Qf1+ 46. Qe2 1/2-1/2

[Event "Los Angeles Metropolitan 28th"]
[Site "Los Angeles"]
[Date "2013.08.18"]
[Round "9"]
[White "Moradiabadi, Elshan"]
[Black "Shen, Victor C"]
[Result "1/2-1/2"]
[WhiteElo "2547"]
[BlackElo "2415"]
[PlyCount "73"]
[EventDate "2013.08.13"]
[EventType "tourn"]
[EventRounds "9"]
[EventCountry "USA"]
[EventCategory "8"]
[SourceTitle "CBM 156 Extra"]
[Source "ChessBase"]
[SourceDate "2013.10.22"]
[SourceVersion "1"]
[SourceVersionDate "2013.10.22"]
[SourceQuality "1"]

1. Nf3 d5 2. d4 Nf6 3. Bf4 c5 4. e3 Nc6 5. c3 cxd4 6. exd4 Bf5 7. Qb3 Qc8 8. Nbd2 e6 9. h3 Be7 10. Be2 h6 11. 0-0 0-0 12. Rfe1 a6 13. a4 Re8 14. Ne5 Ne4 15. Nxe4 Bxe4 16. Bh5 Nxe5 17. Bxe5 Qc6 18. a5 Bg5 19. Be2 Rec8 20. Bf1 Bg6 21. Ra4 Be7 22. Rea1 Kf8 23. Be2 Kg8 24. Qd1 Qd7 25. R4a2 Bf8 26. Qd2 Be7 27. Re1 Bg5 28. Bf4 Be7 29. Bf1 Bf8 30. Re3 Qd8 31. Rg3 Rc6 32. Be5 Qh4 33. Ra1 Re8 34. Re1 Qd8 35. b4 Rc8 36. Ree3 Bd6 37. Bd3 1/2-1/2

[Event "USA-ch U20"]
[Site "Saint Louis"]
[Date "2013.06.15"]
[Round "2"]
[White "Liou, Yian"]
[Black "Shen, Victor C"]
[Result "0-1"]
[WhiteElo "2385"]
[BlackElo "2411"]
[PlyCount "92"]
[EventDate "2013.06.13"]
[EventType "tourn"]
[EventRounds "9"]
[EventCountry "USA"]
[EventCategory "5"]
[SourceTitle "CBM 155 Extra"]
[Source "ChessBase"]
[SourceDate "2013.08.26"]
[SourceVersion "1"]
[SourceVersionDate "2013.08.26"]
[SourceQuality "1"]

1. e4 c5 2. Nf3 e6 3. g3 Nc6 4. Bg2 Nf6 5. Qe2 e5 6. 0-0 d6 7. c3 Bg4 8. h3 Bh5 9. d3 Be7 10. Nbd2 0-0 11. Nc4 Re8 12. Ne3 d5 13. Rd1 d4 14. Nf5 b5 15. g4 Bg6 16. N3h4 Bf8 17. g5 Nh5 18. cxd4 cxd4 19. Qg4 Qc8 20. Bf3 Qc7 21. Ng2 f6 22. Nfh4 Qf7 23. Nxg6 hxg6 24. Nh4 fxg5 25. Bxg5 Re6 26. Rdc1 Be7 27. Bd1 Rf8 28. f3 Bxg5 29. Qxg5 Qf6 30. Qxf6 Rexf6 31. Ng2 Nb4 32. Rc5 a6 33. Rxe5 Nxd3 34. Rd5 Nxb2 35. e5 Rf5 36. Bb3 Kh7 37. Rxd4 Rxe5 38. Bd5 Rd8 39. Rb1 Na4 40. Rxa4 bxa4 41. Be4 Nf6 42. Bc6 Rd2 43. a3 Rc5 44. Ba8 Rg5 45. f4 Rg3 46. Rb6 Nd5 0-1

[Event "USA-chT Amateur East"]
[Site "Parsippany"]
[Date "2013.02.18"]
[Round "6"]
[White "Shen, Victor C"]
[Black "Shmeliov, Denis"]
[Result "1-0"]
[WhiteElo "2408"]
[BlackElo "2436"]
[PlyCount "97"]
[EventDate "2013.02.16"]
[EventType "team-swiss"]
[EventRounds "6"]
[EventCountry "USA"]
[SourceTitle "CBM 153 Extra"]
[Source "ChessBase"]
[SourceDate "2013.04.22"]
[SourceVersion "1"]
[SourceVersionDate "2013.04.22"]
[SourceQuality "1"]
[WhiteTeam "USCF Expired"]
[BlackTeam "Well Mate You Till You Love Us"]
[WhiteTeamCountry "USA"]
[BlackTeamCountry "USA"]

1. e4 c6 2. d4 d5 3. e5 c5 4. dxc5 e6 5. a3 Nc6 6. Nf3 Bxc5 7. b4 Bb6 8. Bb2 Nge7 9. Bd3 Ng6 10. 0-0 Nf4 11. c4 dxc4 12. Bxc4 Qxd1 13. Rxd1 Bc7 14. Nbd2 Ng6 15. Re1 a6 16. Rac1 Bd7 17. Nb3 Bb6 18. Nbd2 Bc7 19. Nb3 0-0-0 20. g3 Kb8 21. h4 h6 22. Nc5 Be8 23. Bxa6 bxa6 24. Nxa6+ Kb7 25. Nxc7 Kxc7 26. b5 Kb7 27. bxc6+ Bxc6 28. Nd4 Ne7 29. Re3 Rc8 30. Rb3+ Ka8 31. Rc5 Bb7 32. Ra5+ Kb8 33. Rab5 Rc7 34. Rb6 Rd8 35. Kf1 Ka7 36. Rd6 Ba6+ 37. Nb5+ Bxb5+ 38. Rxb5 Nc6 39. a4 Rb8 40. h5 Rbb7 41. Bc3 Rb8 42. Ke2 Rg8 43. Ke3 g6 44. hxg6 Rxg6 45. Rc5 Kb7 46. a5 Nb8 47. Rb6+ Kc8 48. Rxc7+ Kxc7 49. Bb4 1-0